000 00570nam a22001457a 4500
005 20241221095333.0
008 241004b |||||||| |||| 00| 0 eng d
050 _aDPer050 M72 January-March 2018 v. 66 no. 8-10
100 _aGonzales, Estrella E.
_eauthor.
_962194
245 _aTips for teaching your children about money /
_cEstrella E. Gonzales.
260 _aPhilippines;
_bPublishers Association of the Philippines, Inc.,
_cJanuary 2019.
300 _aVolume 66, pages 286,
_billustration.
700 _aGonzales, Estrella E.
_eauthor.
_962195
942 _2ddc
_cPER
999 _c22182
_d22182